000 00944nam a2200205Ia 4500
008 240825s9999 xx 000 0 und d
020 _a9780071494274
_qpbk
041 _aeng
082 _a650.1
_bEVE
100 _aEverett, Lesley.
245 0 _aDrop dead brilliant : Dazzle in the workplace with confidence and panache!
_c/ Lesley Everett.
250 _a1st ed.
260 _c, c2008.
_aNew York
_b: McGraw-Hill
300 _axxviii, 211 p.
_c; 20 cm.
490 _aMcGraw Hill professional
504 _aBib and Ref
520 _aWhether you're a receptionist, a CEO, or somewhere in-between - you project an image that could potentially make or break a deal. This book features "Walking Tall" method which is a British approach to creating a personal brand. It offers advice on first impressions, appearances and body indicators that are needed to present yourself with panache.
650 _aBusiness etiquette.
942 _cREF
999 _c543489
_d543489